000 01430naa a2200337 i 4500
003 EG-GICUC
005 20260121101428.0
008 251203s1933 us ||||fr|||| ||1 | lat d
040 _aEG-GiCUC
_beng
_cEG-GiCUC
_dEG-GiCUC
_erda
082 0 4 _221
_a341.3
_bGE . L
092 0 4 _221
099 _aLaw1 11 341.3 GE . I 1933
100 1 _aGentili, Alberico,
_d1552-1608,
_eAuthor.
245 1 3 _aDe Iure Belli libri tres.
_nVolume One,
_p The photographic reproduction of the edition of 1612 /
_cby Alberico Gentili.
264 3 _aNew York :
_bOxford University Press,
_c1933.
264 1 _aLondon :
_bHumphrey Milford,
_c1933.
300 _aVarious paging :
_c24 cm.
_bPhotographs ;
336 _2rda content
_atext
337 _2rda media
_aComputer
338 _2rda carrier
_aOnline Resource
490 0 _aThe classics of international law.
500 _aIncludes index
500 _aText in Latin
504 _aIncludes marginal notes (side-notes)
505 _a1. The photographic reproduction of the edition of 1612 -- v. 2. The translation of the edition of 1612 / by John C. Rolfe, professor of the Latin language and literature in the University of Pennsylvania, and an introduction by Coleman Phillipson, and index
650 1 4 _aDiplomacy
_xPublic international law
_2qrmak
651 1 _2qrmak
856 4 0 _uhttps://fll.law.cu.edu.eg/fulltext/bks/B11-05448.pdf
905 _a75
_eHassnaa
942 _2ddc
_n0
_cBK
_e21
999 _c48261
_d48261